Thoughts from Maeterlinck / (Record no. 27999)
[ view plain ]
| 000 -LEADER | |
|---|---|
| fixed length control field | 00790cam a22002771 4500 |
| 001 - CONTROL NUMBER | |
| control field | 27999 |
| 003 - CONTROL NUMBER IDENTIFIER | |
| rucl marc code | BD-RjUL |
| 005 - DATE AND TIME OF LATEST TRANSACTION | |
| control field | 20211209051227.0 |
| 008 - FIXED-LENGTH DATA ELEMENTS--GENERAL INFORMATION | |
| fixed length control field | 140329s1903 enk 001 1 eng |
| 035 ## - SYSTEM CONTROL NUMBER | |
| System control number | (BD-RjUL)28080 |
| System control number | (OCoLC)1305567 |
| 040 ## - CATALOGING SOURCE | |
| Original cataloging agency | DLC |
| Transcribing agency | NhU |
| Modifying agency | OCoLC |
| -- | DLC |
| -- | BD-RjUL |
| Language of cataloging | eng |
| 041 ## - LANGUAGE CODE | |
| Language code of text/sound track or separate title | eng |
| 082 ## - DEWEY DECIMAL CLASSIFICATION NUMBER | |
| Classification number | 104 |
| Author mark and year | MAT 1903 |
| 100 1# - MAIN ENTRY--PERSONAL NAME | |
| Personal name | Maeterlinck, Maurice, |
| Dates associated with a name | 1862-1949. |
| 9 (RLIN) | 43440 |
| 245 10 - TITLE STATEMENT | |
| Title | Thoughts from Maeterlinck / |
| Statement of responsibility, etc. | Chosen and arr. by E.S.S. |
| 250 ## - EDITION STATEMENT | |
| Edition statement | [1st ed.] |
| 260 ## - PUBLICATION, DISTRIBUTION, ETC. (IMPRINT) | |
| Place of publication, distribution, etc. | London : |
| Name of publisher, distributor, etc. | George Allen, |
| Date of publication, distribution, etc. | 1903. |
| 300 ## - PHYSICAL DESCRIPTION | |
| Pagination | 248 p. ; |
| Size | 20 cm. |
| 504 ## - BIBLIOGRAPHY, ETC. NOTE | |
| Bibliography, etc | Includes index. |
| 650 #0 - SUBJECT ADDED ENTRY--TOPICAL TERM | |
| Topical term or geographic name as entry element | Drama |
| General subdivision | Technique. |
| 9 (RLIN) | 55534 |
| 700 1# - ADDED ENTRY--PERSONAL NAME | |
| Personal name | Sutro, Esther Stella Isaacs, |
| Relator term | arr. |
| 942 ## - ADDED ENTRY ELEMENTS (KOHA) | |
| Source of classification or shelving scheme | Dewey Decimal Classification |
| Koha item type | Books |
| Lost status | Source of classification or shelving scheme | Damaged status | Not for loan | Collection code | Permanent Location | Current Location | Shelving location | Date acquired | Total Checkouts | Full call number | Date last seen | Copy number | Koha item type |
|---|---|---|---|---|---|---|---|---|---|---|---|---|---|
| Dewey Decimal Classification | Added to bundle | Fiction | Central Library, University of Rajshahi | Central Library, University of Rajshahi | Reading Room | 29/03/2014 | 104 MAT 1903 | 29/03/2014 | C-1 | Books |